[Event "XXX Zalakaros Open"]
[Site "Zalakaros HUN"]
[Date "2011.05.27"]
[Round "8"]
[White "Vegh,E"]
[Black "Meszaros,T"]
[Result "1/2-1/2"]
[WhiteElo "2252"]
[BlackElo "2470"]

1.d4 Nf6 2.c4 e6 3.Nc3 Bb4 4.f3 Nc6 5.e4 d5 6.cxd5 exd5 7.e5 Ng8 8.Bb5 Ne7
9.Ne2 O-O 10.O-O Nf5 11.g4 Nh4 12.Nf4 Bxc3 13.bxc3 f6 14.Ba3 Re8 15.exf6 Qxf6
16.Nxd5 Qf7 17.Nb4 Bd7 18.Bxc6 Bxc6 19.Nxc6 bxc6 20.Qd3 Re6 21.f4 Rg6 22.h3 Nf5
23.Kh2 Nd6 24.f5 Rh6 25.Bc1 Rf6 26.Bg5 Rb8 27.Rf2 Re6 28.Raf1 Ree8 29.Bf4 Ne4
30.Re2 Nd6 31.Rfe1 Rxe2+ 32.Rxe2 Qd5 33.Be5 c5 34.Qg3 Rb1 35.Qg2 Qxg2+ 36.Kxg2 cxd4
37.cxd4 Rc1 38.Rb2 Ne8 39.h4 Rc3 40.g5 Kf7 41.Rb7 Rc2+ 42.Kf3 Rxa2 43.Bxc7 Nxc7
44.Rxc7+ Kf8 45.d5 a5 46.Ke4 Re2+ 47.Kf4 Rf2+ 48.Ke5 Re2+ 49.Kd6 Rf2 50.Ke6 Re2+
51.Kd7 a4 52.d6 g6 53.fxg6 hxg6 54.Rc1 Rd2 55.Kc7 Ke8 56.h5 gxh5 57.g6 a3
58.Re1+ Kf8 59.d7 Kg7 60.d8=Q Rxd8 61.Kxd8 Kxg6 62.Ke7 Kf5 63.Rh1 Kg4 64.Kf6 h4
65.Ra1 h3 66.Rxa3 h2 67.Ra1 Kg3 68.Kg5 Kg2 69.Ra2+ Kg3 70.Ra1 Kg2 71.Kg4 h1=Q
72.Ra2+ Kg1 73.Ra1+ Kg2 74.Rxh1 Kxh1  1/2-1/2

[Event "ch-Siberia Men"]
[Site "Barnaul RUS"]
[Date "2011.05.28"]
[Round "9"]
[White "Bocharov,D"]
[Black "Khabarov,Sergey"]
[Result "1-0"]
[WhiteElo "2580"]
[BlackElo "2310"]

1.d4 Nf6 2.c4 e6 3.Nc3 Bb4 4.f3 d5 5.a3 Bxc3+ 6.bxc3 O-O 7.cxd5 exd5 8.e3 Bf5
9.Ra2 c5 10.Ne2 h5 11.Ng3 Bg6 12.Bd3 Bxd3 13.Qxd3 Nc6 14.O-O Re8 15.Re2 Qd7
16.Bb2 Rad8 17.Rd1 Qe6 18.Rde1 b6 19.e4 dxe4 20.fxe4 Ne5 21.Qc2 Nc4 22.e5 Nd5
23.Bc1 cxd4 24.cxd4 Rc8 25.Qd3 Qg6 26.Qf3 Red8 27.Nxh5 b5 28.Re4 f5 29.Rh4 Ncb6
30.Qh3 Rc3 31.Ng3 Rdc8 32.e6 Kf8 33.Rh8+ Ke7 34.Nxf5+ Kf6 35.Qh4+  1-0

[Event "3rd Orissa Open"]
[Site "Bhubaneswar IND"]
[Date "2011.05.29"]
[Round "2"]
[White "Grover,S"]
[Black "Hasan,Me"]
[Result "1/2-1/2"]
[WhiteElo "2485"]
[BlackElo "2216"]

1.d4 Nf6 2.c4 e6 3.Nc3 Bb4 4.f3 O-O 5.a3 Bxc3+ 6.bxc3 b6 7.e4 d6 8.Bd3 Nc6
9.f4 e5 10.Nf3 Re8 11.d5 Na5 12.O-O Ba6 13.fxe5 dxe5 14.Bg5 Qd6 15.Nh4 Qc5+
16.Kh1 Nd7 17.Qg4 Nf8 18.Nf5 Bc8 19.Be7 Bxf5 20.exf5 Rxe7 21.f6 g6 22.Qg5 Re6
23.Qh6 Rxf6 24.Rxf6 Nb7 25.h4 Qe7 26.Raf1 Nd6 27.h5 e4 28.Be2 Nd7 29.R6f4 Ne5
30.hxg6 Nxg6 31.Rf6 Qe5 32.Qe3 Re8 33.c5 bxc5 34.Qxc5 Re7 35.Qxa7 Qxc3 36.Qb8+ Kg7
37.Qd8 Qe5 38.a4 e3 39.Kg1 Ne4 40.Rc6 Ng3 41.Re1 Nxe2+ 42.Rxe2 Qa1+ 43.Kh2 Qe5+
44.Kg1 Nf4 45.Rcc2 Nxe2+ 46.Rxe2 Qa1+ 47.Kh2 Qe5+ 48.Kg1 Qa1+ 49.Kh2 Qf6
50.a5 Qe5+ 51.Kg1 Qa1+ 52.Kh2 Qe5+ 53.Kg1  1/2-1/2

[Event "29th Liechtenstein Open"]
[Site "Triesen LIE"]
[Date "2011.05.31"]
[Round "5.18"]
[White "Ballon,G"]
[Black "Baumann,K2"]
[Result "1/2-1/2"]
[WhiteElo "2208"]
[BlackElo "2004"]

1.d4 Nf6 2.c4 e6 3.Nc3 Bb4 4.f3 O-O 5.e4 d5 6.e5 Nfd7 7.cxd5 exd5 8.a3 Bxc3+
9.bxc3 f6 10.exf6 Qxf6 11.Bd3 Nb6 12.Ne2 Bf5 13.O-O Nc6 14.Bf4 Bxd3 15.Qxd3 Qe7
16.Rfe1 Rae8 17.Bg3 Na5 18.Qb5 Nac4 19.Nf4 Qf7 20.Nd3 c6 21.Qb3 Rxe1+ 22.Rxe1 Re8
23.Rxe8+ Qxe8 24.Be5 Qg6 25.Nc5 Nxe5 26.dxe5 Qg5 27.Kf2 Qd2+ 28.Kg3 Qg5+  1/2-1/2

[Event "29th Liechtenstein Open"]
[Site "Triesen LIE"]
[Date "2011.06.01"]
[Round "6.2"]
[White "Burnier,D"]
[Black "Hera,I"]
[Result "0-1"]
[WhiteElo "2337"]
[BlackElo "2566"]

1.d4 Nf6 2.c4 e6 3.Nc3 Bb4 4.f3 d5 5.a3 Bxc3+ 6.bxc3 c5 7.cxd5 Nxd5 8.dxc5 f5
9.e4 fxe4 10.Qc2 O-O 11.fxe4 Nf4 12.g3 Ng6 13.Nh3 Nd7 14.Be3 Qc7 15.Bg2 Nxc5
16.Nf2 Bd7 17.O-O Rac8 18.c4 Ba4 19.Qc3 Nb3 20.Rab1 Qxc4 21.Qxc4 Rxc4 22.Bxa7 Rc2
23.Ng4 Ra8 24.Rf2 Rc6 25.Be3 h5 26.e5 hxg4 27.Bxc6 bxc6 28.Rfb2 Rb8 29.Bd4 Rb5
30.Bc3 Ne7 31.Kf2 Nd5 32.Be1 Rb7 33.Kg1 c5 34.Rc2 Rf7 35.Bf2 Kh7 36.Rbb2 Nd4
37.Rxc5 Nf3+ 38.Kf1 Nxe5 39.Rd2 Bb3 40.Rd4 Bc4+ 41.Kg2 Nd3  0-1

[Event "TCh-FRA Top 12 2011"]
[Site "Mulhouse FRA"]
[Date "2011.06.02"]
[Round "8"]
[White "Dubessay,B"]
[Black "Genzling,A"]
[Result "0-1"]
[WhiteElo "2325"]
[BlackElo "2395"]

1.d4 Nf6 2.c4 e6 3.Nc3 Bb4 4.f3 O-O 5.a3 Bxc3+ 6.bxc3 Nh5 7.Nh3 f5 8.e4 f4
9.e5 d6 10.g4 fxg3 11.Bg5 Qe8 12.f4 dxe5 13.fxe5 h6 14.Be3 Qc6 15.d5 exd5
16.Bg2 Qe8 17.Qxd5+ Kh8 18.O-O-O Nc6 19.Rhe1 Bg4 20.Rd2 Qxe5 21.Qxe5 Nxe5
22.Bxh6 Rae8  0-1

[Event "ch-Flanders 2011"]
[Site "Ghent BEL"]
[Date "2011.06.03"]
[Round "3.8"]
[White "Van Vliet,D"]
[Black "Roos,Ad"]
[Result "1/2-1/2"]
[WhiteElo "2103"]
[BlackElo "2127"]

1.d4 Nf6 2.c4 e6 3.Nc3 Bb4 4.f3 d5 5.a3 Be7 6.cxd5 exd5 7.e3 O-O 8.Bd3 c5
9.Nge2 Nc6 10.dxc5 Bxc5 11.b4 Bb6 12.Na4 Bc7 13.Bb2 Re8 14.Kf2 Ne5 15.Bxe5 Bxe5
16.Nd4 Nh5 17.g3 g6 18.Nc3 Bh3 19.Nce2 Bg7 20.Qd2 Qf6 21.Rac1 Bh6 22.f4 Qb6
23.Rc5 Nf6 24.Nc2 Bf8 25.Rb5 Ne4+ 26.Bxe4 Qxb5 27.Nc3 Qd7 28.Nxd5 Bg7 29.Bf3 Be6
30.Rd1 Rad8 31.Qe2 Qc8 32.g4 Rd7 33.f5 gxf5 34.gxf5 Bxf5 35.Nd4 Bg6 36.Bg4 f5
37.Qa2 Rf7 38.Bf3 Kh8 39.Nf4 Rd7 40.Bd5 Qd8 41.Nf3 Qf6 42.Rd4 Qb6 43.Rd3 Rde7
44.Qb3 Re4 45.Nxg6+ hxg6 46.Ng5 Rxe3 47.Rxe3 Rxe3 48.Nf7+ Kh7 49.Ng5+ Kh6
50.Nf7+ Kh5 51.Qxe3 Bd4 52.Kg3 Qc7+ 53.Qf4 Qxf4+ 54.Kxf4 b5  1/2-1/2

[Event "38th OKU 2011"]
[Site "Utrecht NED"]
[Date "2011.06.04"]
[Round "3.13"]
[White "Goudriaan,E"]
[Black "Uildriks,M"]
[Result "0-1"]
[WhiteElo "2307"]
[BlackElo "2026"]

1.d4 Nf6 2.c4 e6 3.Nc3 Bb4 4.f3 d5 5.a3 Bxc3+ 6.bxc3 c5 7.cxd5 Nxd5 8.dxc5 Qa5
9.e4 Ne7 10.Be3 O-O 11.Qb3 Nd7 12.Qb4 Qc7 13.Bb5 Nc6 14.Bxc6 bxc6 15.Ne2 Rb8
16.Qa4 Rb5 17.c4 Nxc5 18.Qc2 Rb2 19.Qd1 Rd8 20.Bd4 Qa5+ 21.Kf1 Rd2 22.Qe1 Nb3
23.Bc3 Qc5 24.Qg3 Rd1+ 25.Rxd1 Rxd1+ 26.Be1 Nd2+  0-1

[Event "TCh-BIH 2011"]
[Site "Neum BIH"]
[Date "2011.06.05"]
[Round "2.4"]
[White "Berkes,F"]
[Black "Saric,A"]
[Result "1-0"]
[WhiteElo "2693"]
[BlackElo "2489"]

1.d4 Nf6 2.c4 e6 3.Nc3 Bb4 4.f3 d5 5.a3 Bxc3+ 6.bxc3 c5 7.cxd5 exd5 8.e3 c4
9.g3 Nc6 10.Nh3 Na5 11.Ra2 Nb3 12.Re2 O-O 13.Bg2 b5 14.O-O a5 15.e4 b4 16.e5 Ne8
17.Bb2 bxc3 18.Bxc3 Nc7 19.a4 Bd7 20.f4 Qc8 21.f5 Bxf5 22.Nf4 Qd7 23.Ref2 Bg4
24.Qc2 Rad8 25.h3 Bf5 26.Qe2 Qxa4 27.g4 Be6 28.Qe3 Qd7 29.Nh5 Qe7 30.Rf6 Kh8
31.Be1 Nb5 32.Bh4 Qa7 33.Kh1 Qxd4 34.Qg5 Rg8 35.Rh6 Rde8 36.Rxh7+ Kxh7 37.Nf6+ gxf6
38.Qh5+ Kg7 39.Bxf6+  1-0

[Event "20th ICSC TCh-EUR Club"]
[Site "Liverpool ENG"]
[Date "2011.06.10"]
[Round "4"]
[White "Bozinovic,Bog"]
[Black "Schmid,Ja"]
[Result "1-0"]
[WhiteElo "2223"]
[BlackElo "2091"]

1.d4 Nf6 2.c4 e6 3.Nc3 Bb4 4.f3 d5 5.a3 Bxc3+ 6.bxc3 c5 7.cxd5 Nxd5 8.dxc5 Qa5
9.e4 Nf6 10.Be3 O-O 11.Qb3 Nfd7 12.Qb4 Nc6 13.Qxa5 Nxa5 14.Rb1 b6 15.cxb6 Rb8
16.b7 Rxb7 17.Rxb7 Bxb7 18.Bxa7 Ra8 19.Be3 Nb3 20.Bb5 Ndc5 21.Ne2 Rxa3 22.O-O Ba6
23.Bxa6 Nxa6 24.Rb1 Ra1 25.Rxa1 Nxa1 26.Kf2 e5 27.Nc1 Nc2 28.Ke2 Nxe3 29.Kxe3 Kf8
30.Kd3 Ke7 31.Kc4 Kd6 32.Nd3 f6 33.Kb5 Nc7+ 34.Kb6 Na8+ 35.Kb7 Nc7 36.c4 Ne6
37.Kb6 Nd8 38.c5+ Kd7 39.Nb4 Kc8 40.Nc6 Ne6 41.Na7+ Kd8 42.c6  1-0

[Event "20th ICSC TCh-EUR Club"]
[Site "Liverpool ENG"]
[Date "2011.06.11"]
[Round "5"]
[White "Bozinovic,Bog"]
[Black "Kreuzer,C"]
[Result "1/2-1/2"]
[WhiteElo "2223"]
[BlackElo "1929"]

1.d4 Nf6 2.c4 e6 3.Nc3 Bb4 4.f3 c5 5.d5 Bxc3+ 6.bxc3 d6 7.e4 e5 8.Bd3 h6
9.Ne2 g5 10.Be3 Nh5 11.g3 Bh3 12.Rg1 Bc8 13.Qd2 Ng7 14.f4 f6 15.h4 exf4 16.gxf4 g4
17.e5 f5 18.Bf2 h5 19.Qe3 O-O 20.exd6 b6 21.Qe7 Qxe7 22.dxe7 Rf7 23.Ng3 Rxe7+
24.Kd2 Na6 25.a4 Rb8 26.Rgb1 Reb7 27.Re1 Nc7 28.Re5 Nce8 29.Bxf5 Nd6 30.Bd3 Nf7
31.Re2 Nd6 32.Rae1 a5 33.Re5 Bd7 34.Ra1 Rf8  1/2-1/2

[Event "Teplice Open"]
[Site "Teplice CZE"]
[Date "2011.06.12"]
[Round "2"]
[White "Porat,Ma"]
[Black "Majerik,V"]
[Result "1-0"]
[WhiteElo "2278"]
[BlackElo "1974"]

1.d4 Nf6 2.c4 e6 3.Nc3 Bb4 4.f3 d5 5.a3 Bxc3+ 6.bxc3 O-O 7.cxd5 exd5 8.e3 b6
9.Bd3 c5 10.Ne2 Nc6 11.g4 Ne8 12.h4 f5 13.g5 Nc7 14.a4 Re8 15.Kf2 Qe7 16.Nf4 Qf7
17.h5 Qe7 18.Rg1 Qd6 19.Qc2 Ne7 20.h6 g6 21.Ba3 Ne6 22.Nxe6 Bxe6 23.f4 Qc7
24.dxc5 bxc5 25.Rgd1 Rac8 26.Kg3 c4 27.Be2 Nc6 28.Bf3 Rcd8 29.Rab1 Bf7 30.Kf2 a6
31.Bc5 Rb8 32.Rxb8 Nxb8 33.Rxd5 Rd8 34.Rxd8+ Qxd8 35.Bd4 Qd7 36.Qb2 Nc6 37.Qb6 Nxd4
38.Qxd4 Qxd4 39.exd4 Kf8 40.d5 Ke7 41.Ke3 Be8 42.a5 Kd6 43.Kd4  1-0

[Event "Teplice Open"]
[Site "Teplice CZE"]
[Date "2011.06.12"]
[Round "2"]
[White "Kantorik,M"]
[Black "Bazantova,M"]
[Result "1-0"]
[WhiteElo "2312"]
[BlackElo "1989"]

1.d4 Nf6 2.c4 e6 3.Nc3 Bb4 4.f3 d5 5.a3 Bxc3+ 6.bxc3 O-O 7.cxd5 exd5 8.e3 Bf5
9.Ne2 Re8 10.Ng3 Bg6 11.Bd3 c5 12.O-O cxd4 13.cxd4 Nc6 14.Re1 Bxd3 15.Qxd3 Qd7
16.Bb2 Na5 17.e4 Nc4 18.Bc3 h6 19.e5 Nh7 20.f4 Rac8 21.f5 Rc6 22.Nh5 g5 23.f6 Rec8
24.Bb4 Qg4 25.Ng3 Nb2 26.Qe3 Nc4 27.Qf2 a5 28.Nf5 Qh5 29.Ne7+ Kh8 30.Bc5 Re8
31.Nxc6 bxc6 32.e6 fxe6 33.f7  1-0

[Event "DJEM U16"]
[Site "Oberhof GER"]
[Date "2011.06.14"]
[Round "5.4"]
[White "Neumair,J"]
[Black "Goebel,C"]
[Result "0-1"]
[WhiteElo "2115"]
[BlackElo "2148"]

1.d4 Nf6 2.c4 e6 3.Nc3 Bb4 4.f3 d5 5.a3 Bxc3+ 6.bxc3 c5 7.cxd5 Nxd5 8.dxc5 Qa5
9.e4 Nf6 10.Be3 O-O 11.Qb3 Nfd7 12.Bb5 Qc7 13.Ne2 Nxc5 14.Qc4 b6 15.O-O e5
16.Qd5 Bb7 17.Qa2 Nbd7 18.Rfd1 Rac8 19.Rac1 Nf6 20.Ng3 Rcd8 21.a4 Bc8 22.Bc4 Bd7
23.Bb3 Nxb3 24.Qxb3 Be6 25.Qb4 h6 26.Nf1 Rxd1 27.Rxd1 Rc8 28.Rc1 Nd7 29.a5 bxa5
30.Qa3 Nc5 31.Nd2 a4 32.c4 Bd7 33.Kh1 Qd6 34.Qc3 Qd3 35.Qxd3 Nxd3 36.Ra1 Nc5
37.Rb1 Be6 38.Rb4 a5 39.Rb5 Nb3 40.Nxb3 axb3 41.Rxb3 Rxc4 42.Ra3 a4 43.Kg1 Kf8
44.Kf1 Ke7 45.Ke1 Kd7 46.Kd2 h5 47.g3 Ke7 48.Kd3 Kf6 49.f4 Rb4 50.h4 Bb3
51.Ra1 Bc4+ 52.Kc3 Rb3+ 53.Kxc4 Rxe3 54.Kd5 Rd3+ 55.Kc5 a3 56.Rb1 exf4 57.gxf4 g6
58.Rb6+ Kg7 59.f5 g5 60.hxg5 h4 61.Rb7 h3 62.g6 h2 63.Rxf7+ Kg8 64.Rh7 a2  0-1

[Event "64th ch-RUS HL"]
[Site "Taganrog RUS"]
[Date "2011.06.15"]
[Round "1"]
[White "Bocharov,D"]
[Black "Vitiugov,N"]
[Result "1/2-1/2"]
[WhiteElo "2580"]
[BlackElo "2733"]

1.d4 Nf6 2.c4 e6 3.Nc3 Bb4 4.f3 c5 5.d5 O-O 6.e4 Re8 7.Ne2 d6 8.Ng3 b5 9.Bf4 bxc4
10.Bxc4 Ba6 11.Bxa6 Nxa6 12.O-O c4 13.Kh1 Nc5 14.dxe6 Nxe6 15.Be3 d5 16.e5 d4
17.Bxd4 Ng4 18.fxg4 Qxd4 19.Qxd4 Nxd4 20.Nd5 Rab8 21.Rac1 Rxe5 22.Nxb4 Rxb4
23.b3 h5 24.gxh5 cxb3 25.axb3 Nxb3 26.Rc8+ Kh7 27.h3 Rb7 28.Rd1 Rc5 29.Rf8 Rc1
30.Rxc1 Nxc1 31.Ne4 Re7 32.Nd6 Ne2 33.g4 g6 34.Rxf7+ Rxf7 35.Nxf7 gxh5 36.gxh5 a5
37.Nd6 a4 38.Nb5 Kh6 39.Kg2 Kxh5 40.Kf2 Kh4 41.Kxe2 a3 42.Nxa3 Kxh3  1/2-1/2

[Event "e2e4 Gatwick Open"]
[Site "London ENG"]
[Date "2011.06.18"]
[Round "2"]
[White "Cumbers,P"]
[Black "Ilett,R"]
[Result "0-1"]
[WhiteElo "2214"]
[BlackElo "1883"]

1.d4 Nf6 2.c4 e6 3.Nc3 Bb4 4.f3 c5 5.d5 d6 6.e4 exd5 7.cxd5 O-O 8.Bd3 a6
9.Ne2 Nbd7 10.O-O b5 11.Kh1 Bb7 12.Rb1 Re8 13.g4 Ne5 14.Bc2 Qe7 15.Ng3 g6
16.Bg5 Kg7 17.Qc1 Ba5 18.Nce2 Bd8 19.b4 Qd7 20.bxc5 dxc5 21.Bf4 Rc8 22.g5 Ng8
23.Qb2 Bc7 24.Rbd1 Qe7 25.Nc1 f6 26.gxf6+ Qxf6 27.Nge2 Bd6 28.Bg3 Bb8 29.Nf4 Nc4
30.Qxf6+ Nxf6 31.Ne6+ Rxe6 32.dxe6 Bxg3 33.hxg3 Ne3 34.Bb1 Nxf1 35.Rxf1 Re8
36.Nd3 c4 37.Nc5 Bc8 38.Rd1 Bxe6 39.Rd6 Kf7 40.Rxa6 Re7 41.Rb6 Nd7 42.Rxe6 Nxc5
43.Rxe7+ Kxe7 44.Kg2 Na4 45.Bc2 Nc3 46.a3 Ne2 47.Kf2 Nd4 48.Bd1 c3 49.a4 bxa4
50.Bxa4 c2 51.Bxc2 Nxc2 52.f4 Nd4 53.Ke3 Nc6 54.e5 Ke6 55.Ke4 h5 56.f5+ gxf5+
57.Kf4 Nd4 58.Kg5 Ne2 59.Kxh5 Nxg3+ 60.Kh4 Ne4  0-1

[Event "Voronezh Master Open"]
[Site "Voronezh RUS"]
[Date "2011.06.18"]
[Round "6.16"]
[White "Galojan,L"]
[Black "Panarin,M"]
[Result "1/2-1/2"]
[WhiteElo "2377"]
[BlackElo "2525"]

1.d4 Nf6 2.c4 e6 3.Nc3 Bb4 4.f3 d5 5.a3 Bxc3+ 6.bxc3 c5 7.cxd5 exd5 8.e3 O-O
9.Bd3 b6 10.Ne2 Ba6 11.O-O Re8 12.Bxa6 Nxa6 13.Qd3 Nc7 14.Ng3 Ne6 15.Rd1 Qc7
16.a4 g6 17.a5 h5 18.Bd2 h4 19.Nf1 h3 20.g4 Ng5 21.Qe2 cxd4 22.cxd4 Nfh7
23.Be1 Qe7 24.Bg3 Qf6 25.Nd2 Rac8 26.Be5 Qe6 27.axb6 axb6 28.Rdc1 Nf8 29.Kf2 Nd7
30.Bf4 Qe7 31.Qd3 Ne6 32.Bg3 Ng7 33.Rxc8 Rxc8 34.Qa3 Qe8 35.Rc1 Ra8 36.Qb3 Qe6
37.Qb5 Ra3 38.Nf1 Ra2+  1/2-1/2

[Event "4th Karen Asrian Memorial"]
[Site "Jermuk ARM"]
[Date "2011.06.19"]
[Round "4"]
[White "Aghasaryan,R"]
[Black "Babujian,L"]
[Result "1-0"]
[WhiteElo "2330"]
[BlackElo "2448"]

1.d4 Nf6 2.c4 e6 3.Nc3 Bb4 4.f3 d5 5.a3 Bxc3+ 6.bxc3 c5 7.cxd5 Nxd5 8.dxc5 Qa5
9.e4 Ne7 10.Be3 O-O 11.Qb3 Nbc6 12.Bb5 f5 13.Nh3 fxe4 14.fxe4 Ng6 15.Nf2 Kh8
16.O-O e5 17.Bc4 Qc7 18.Bd5 Nf4 19.Kh1 Bd7 20.Rab1 Rab8 21.Qc2 Ne7 22.Qd2 Neg6
23.c4 Nh4 24.Bxf4 exf4 25.e5 Qxe5 26.Nd3 Qe3 27.Qxe3 fxe3 28.Rxf8+ Rxf8 29.Ne5 Bc6
30.Nxc6 bxc6 31.Bxc6 Nf5 32.Kg1 g5 33.Re1 Nd4 34.Bd7 Nc2 35.Re2 Rb8 36.h3 Nxa3
37.c6 Nxc4 38.c7 Rb1+ 39.Kh2 Nb6 40.Rxe3 Rc1 41.c8=Q+ Nxc8 42.Re8+ Kg7 43.Rxc8 Ra1
44.Rc4 h5 45.Ra4 Rxa4 46.Bxa4 Kf6 47.Kg3 a5 48.Be8 g4 49.h4 Ke7 50.Bxh5  1-0

[Event "25th Open Pula"]
[Site "Pula CRO"]
[Date "2011.06.19"]
[Round "2.1"]
[White "Piskovets,N"]
[Black "Kovacevic,A"]
[Result "0-1"]
[WhiteElo "2191"]
[BlackElo "2575"]

1.d4 Nf6 2.c4 e6 3.Nc3 Bb4 4.f3 O-O 5.a3 Bxc3+ 6.bxc3 d5 7.cxd5 exd5 8.e3 c5
9.Bd3 b6 10.Ne2 Ba6 11.Bxa6 Nxa6 12.O-O Nc7 13.Ng3 Re8 14.a4 Qd7 15.Ra2 Rac8
16.Qd3 cxd4 17.cxd4 Ne6 18.a5 b5 19.Bd2 a6 20.Bb4 Rc4 21.Rb1 g6 22.Nf1 Rec8
23.Nd2 Rc1+ 24.Kf2 Qc7 25.Rxc1 Qxc1 26.Nb3 Qc7 27.Kg1 Qc4 28.Qxc4 dxc4 29.Nc5 Nd5
30.Ba3 b4 31.Nxe6 fxe6 32.Bc1 c3 33.Ra1 b3 34.Rb1 b2 35.Kf2 bxc1=Q 36.Rxc1 c2
37.Ke2 Nb4 38.Kd2 Rc4 39.g3 Kf7 40.g4 g5  0-1

[Event "64th ch-RUS HL"]
[Site "Taganrog RUS"]
[Date "2011.06.22"]
[Round "7"]
[White "Bocharov,D"]
[Black "Kornev,Alexei"]
[Result "1/2-1/2"]
[WhiteElo "2580"]
[BlackElo "2511"]

1.d4 Nf6 2.c4 e6 3.Nc3 Bb4 4.f3 Nc6 5.e4 e5 6.d5 Nd4 7.Nh3 d6 8.Nf2 c5 9.Bd3 Nh5
10.g3 g6 11.O-O Bd7 12.Kg2 f5 13.Ne2 Nxe2 14.Bxe2 f4 15.Nd3 Ba5 16.b4 Bxb4
17.Nxb4 cxb4 18.a3 b3 19.Qxb3 b6 20.Qb4 Qc7 21.a4 a5 22.Qb3 Kf7 23.Rb1 Rhb8
24.Ba3 Bc8 25.Bc1 Rb7 26.Bd2 Qd7 27.gxf4 Nxf4+ 28.Bxf4 exf4 29.Rb2 Qe7 30.Rfb1 Qe5
31.Qd1 Rab8 32.Kh1 Bd7 33.c5 dxc5 34.Ba6 Rc7 35.Rxb6 Rxb6 36.Rxb6 Kg7 37.d6 Ra7
38.Bc4 Kf6 39.Bb5 Qd4 40.Qe1 Ke5 41.Qh4 Qa1+  1/2-1/2

[Event "HSG Open"]
[Site "Hilversum NED"]
[Date "2011.06.24"]
[Round "2"]
[White "Khenkin,I"]
[Black "Vedder,R"]
[Result "1-0"]
[WhiteElo "2620"]
[BlackElo "2263"]

1.d4 Nf6 2.c4 e6 3.Nc3 Bb4 4.f3 c5 5.d5 b5 6.e4 bxc4 7.Bxc4 Nxd5 8.Bxd5 exd5
9.Qxd5 Nc6 10.Ne2 Ba6 11.Kf2 O-O 12.Rd1 Re8 13.Qxd7 Qh4+ 14.Ng3 Ne5 15.Qa4 Bxc3
16.bxc3 Re6 17.Kg1 Rg6 18.Qc2 Rd8 19.Be3 Bd3 20.Qf2 c4 21.Bxa7 Ra6 22.Bd4 Rh6
23.h3 Nc6 24.Nf5 Qxf2+ 25.Kxf2 Rg6 26.a4 Kf8 27.Bc5+ Ke8 28.a5 Ra8 29.Nd6+  1-0

[Event "4th Sveins Minneturering"]
[Site "Oslo NOR"]
[Date "2011.06.24"]
[Round "2"]
[White "Skrondal,I"]
[Black "Hammer,J"]
[Result "0-1"]
[WhiteElo "2237"]
[BlackElo "2609"]

1.d4 Nf6 2.c4 e6 3.Nc3 Bb4 4.f3 d5 5.a3 Be7 6.e4 dxe4 7.fxe4 e5 8.d5 Bc5
9.Nf3 Bg4 10.Bg5 Nbd7 11.Qd2 O-O 12.Bd3 c6 13.Rc1 h6 14.Be3 Qb6 15.Nd1 a5
16.Rc3 Bh5 17.Bc2 Bg6 18.Nf2 Qxb2 19.O-O Qb6 20.Rb1 Qa7 21.g4 Rfe8 22.Kg2 Rac8
23.Bxc5 Nxc5 24.Qe3 b6 25.Rd1 Qe7 26.h3 Red8 27.Rb1 Ncd7 28.Rc1 Rc7  0-1

[Event "HSG Open"]
[Site "Hilversum NED"]
[Date "2011.06.25"]
[Round "4"]
[White "Khenkin,I"]
[Black "Klein,Da"]
[Result "1-0"]
[WhiteElo "2620"]
[BlackElo "2359"]

1.d4 Nf6 2.c4 e6 3.Nc3 Bb4 4.f3 Nc6 5.e4 d5 6.cxd5 exd5 7.e5 Ng8 8.f4 Nge7
9.Be3 Ba5 10.Nf3 Bg4 11.Be2 Nf5 12.Bf2 Bb6 13.O-O O-O 14.Ng5 Bxe2 15.Nxe2 Qd7
16.Qd3 h6 17.g4 hxg5 18.gxf5 gxf4 19.Nxf4 Ne7 20.f6 Qg4+ 21.Bg3 Nf5 22.Nxd5 Rfd8
23.Qxf5 Qxd4+ 24.Bf2 Qxd5 25.Qg5 Kf8 26.Qxg7+ Ke8 27.Bxb6 axb6 28.e6 fxe6
29.Qe7+  1-0

[Event "64th ch-RUS HL"]
[Site "Taganrog RUS"]
[Date "2011.06.25"]
[Round "10"]
[White "Volkov,Sergey1"]
[Black "Matlakov,M"]
[Result "1/2-1/2"]
[WhiteElo "2615"]
[BlackElo "2632"]

1.d4 Nf6 2.c4 e6 3.Nc3 Bb4 4.f3 d5 5.a3 Bxc3+ 6.bxc3 c5 7.cxd5 Nxd5 8.dxc5 Qa5
9.e4 Ne7 10.Be3 O-O 11.Qb3 Qc7 12.a4 Nec6 13.Nh3 Na5 14.Qa3 e5 15.Rd1 Be6
16.Nf2 Nd7 17.Qb4 Rac8 18.Bb5 Nxc5 19.Bxc5 Qxc5 20.Qxa5 a6 21.O-O axb5 22.axb5 f6
23.Qb4 Qxb4 24.cxb4 Bc4 25.Rfe1 Bxb5 26.Ng4 Rc4 27.Rd6 Rxb4 28.Rb6 Rb8 29.Ne3 Rb3
30.Nf5 Bc4 31.Rxb3 Bxb3 32.Rb1 Ba4 33.Rb6 Kf8 34.g4 Bc6 35.h4 Rd8 36.g5 g6
37.Ne3 Rd3 38.Kf2 f5 39.Nc4 fxe4 40.Nxe5 Rc3 41.Nxc6 Rxf3+ 42.Kg2 bxc6 43.Rxc6 Rf7
44.Rc8+ Ke7 45.Rc4 Kf8  1/2-1/2

[Event "XIX Open A"]
[Site "Montcada i Reixac ESP"]
[Date "2011.06.26"]
[Round "2"]
[White "Cruz,Jon"]
[Black "Gonzalez Vidal,Y"]
[Result "1/2-1/2"]
[WhiteElo "2393"]
[BlackElo "2504"]

1.d4 Nf6 2.c4 e6 3.Nc3 Bb4 4.f3 d5 5.a3 Bxc3+ 6.bxc3 c5 7.cxd5 Nxd5 8.dxc5 Qa5
9.e4 Nf6 10.Be3 O-O 11.Qb3 Nfd7 12.Qb4 Qc7 13.a4 Nc6 14.Qa3 Na5 15.Nh3 b6
16.cxb6 axb6 17.Qb4 Nc6 18.Qb2 Na5 19.Bb5 Nc4 20.Bxc4 Qxc4 21.Qb4 Qd3 22.Qd4 Qa6
23.Qd6 Qc4 24.Qd4 Qa6 25.Qd6 Qc4 26.Qd4  1/2-1/2

[Event "ch-UAE"]
[Site "Abu Dhabi UAE"]
[Date "2011.06.29"]
[Round "5"]
[White "Saeed,I"]
[Black "Khouri,A"]
[Result "1-0"]
[WhiteElo "2224"]
[BlackElo "2030"]

1.d4 Nf6 2.c4 e6 3.Nc3 Bb4 4.f3 d5 5.a3 Bxc3+ 6.bxc3 O-O 7.e3 c5 8.cxd5 exd5
9.Bd3 Qa5 10.Bd2 c4 11.Bc2 Nc6 12.Ne2 Bd7 13.O-O Rae8 14.Ng3 h5 15.e4 h4
16.e5 hxg3 17.exf6 gxh2+ 18.Kf2 gxf6 19.Rh1 Kg7 20.Bh6+ Kg8 21.Qd2 Re6 22.Rxh2 Rfe8
23.Bh7+ Kh8 24.Bg7+  1-0

[Event "ch-UAE"]
[Site "Abu Dhabi UAE"]
[Date "2011.06.30"]
[Round "7"]
[White "Al Marzouqi,A"]
[Black "Khouri,A"]
[Result "1/2-1/2"]
[WhiteElo "1990"]
[BlackElo "2030"]

1.d4 Nf6 2.c4 e6 3.Nc3 Bb4 4.f3 d5 5.a3 Bxc3+ 6.bxc3 c5 7.e3 O-O 8.Bd2 Nc6
9.cxd5 Nxd5 10.Bd3 Nde7 11.Ne2 e5 12.Qc2 cxd4 13.cxd4 h6 14.dxe5 Nxe5 15.Nd4 Nxd3+
16.Qxd3 Nf5 17.O-O Be6 18.Bb4 Re8 19.Rfd1 Nxd4 20.Qxd4 Qg5 21.e4 b6 22.Rac1 Rad8
23.Qf2 Rxd1+ 24.Rxd1 Rd8 25.Rxd8+ Qxd8 26.Qd2 Qxd2 27.Bxd2 Kf8 28.Bb4+ Ke8
29.Kf2 Kd7 30.Ke3  1/2-1/2

[Event "TCh-TUR 2011"]
[Site "Konya TUR"]
[Date "2011.07.02"]
[Round "6"]
[White "Can,E"]
[Black "Secer,A"]
[Result "1-0"]
[WhiteElo "2487"]
[BlackElo "2329"]

1.d4 Nf6 2.c4 e6 3.Nc3 Bb4 4.f3 Nc6 5.e4 d6 6.Ne2 e5 7.d5 Bxc3+ 8.Nxc3 Ne7
9.Be3 O-O 10.Bd3 Nh5 11.Qd2 f5 12.O-O-O f4 13.Bf2 Bd7 14.c5 Nc8 15.Kb1 dxc5
16.Bxc5 Nd6 17.Rc1 a6 18.Rc2 Qf6 19.Rhc1 Rfc8 20.Nd1 Ne8 21.Nf2 Qg6 22.Bf1 Nhf6
23.Nd3 Qh5 24.Qc3 Qxh2 25.Qxe5 Nh5 26.g4  1-0

[Event "XIX Open A"]
[Site "Montcada i Reixac ESP"]
[Date "2011.07.02"]
[Round "8"]
[White "Cruz,Jon"]
[Black "Vehi Bach,V"]
[Result "1-0"]
[WhiteElo "2393"]
[BlackElo "2402"]

1.d4 Nf6 2.c4 e6 3.Nc3 Bb4 4.f3 O-O 5.e4 d5 6.e5 Nfd7 7.a3 Bxc3+ 8.bxc3 dxc4
9.a4 a5 10.f4 Nb6 11.Nf3 Bd7 12.Be2 Bc6 13.Qc2 h6 14.Bd1 Bd5 15.O-O c5 16.dxc5 N6d7
17.Ba3 Re8 18.Nd2 Qc7 19.Ne4 Qc6 20.Bf3 Na6 21.Nd6 Bxf3 22.Rxf3 Red8 23.Rg3 Rf8
24.f5 Nxe5 25.f6 Ng6 26.fxg7 Kxg7 27.Nxf7 Kxf7 28.Qxg6+ Ke7 29.Qxh6 Rf7 30.Qg5+  1-0

[Event "39th World Open"]
[Site "Philadelphia USA"]
[Date "2011.07.02"]
[Round "4"]
[White "Sarkar,J"]
[Black "Lenderman,A"]
[Result "0-1"]
[WhiteElo "2385"]
[BlackElo "2548"]

1.d4 Nf6 2.c4 e6 3.Nc3 Bb4 4.f3 c5 5.d5 O-O 6.e4 Re8 7.Ne2 d6 8.a3 Ba5 9.Kf2 exd5
10.cxd5 Nbd7 11.g4 Ne5 12.Ng3 c4 13.g5 Nfd7 14.f4 Bxc3 15.bxc3 Nd3+ 16.Bxd3 cxd3
17.Qxd3 Nc5 18.Qf3 h5 19.Qxh5 Nxe4+ 20.Nxe4 Rxe4 21.g6 fxg6 22.Qxg6 Qe7 23.Kf3 Bh3
24.Bd2 Re2 25.Rhe1 Re8 26.Kg3 Qd7 27.Rxe2 Rxe2 28.Kf3 Rxd2 29.Re1 Kf8 30.c4 Rxh2  0-1

[Event "1st ch-CHN Rapid Men Prelim"]
[Site "Hefei CHN"]
[Date "2011.07.03"]
[Round "2.15"]
[White "Zhang Hong"]
[Black "Mu Ke"]
[Result "1-0"]
[WhiteElo "2054"]
[BlackElo "2290"]

1.d4 Nf6 2.c4 e6 3.Nc3 Bb4 4.f3 c5 5.d5 d6 6.e4 Bxc3+ 7.bxc3 e5 8.Bd3 Nh5
9.Ne2 Qh4+ 10.g3 Qh3 11.Kf2 O-O 12.Bg5 f6 13.Be3 g5 14.Qf1 Qd7 15.g4 Nf4
16.Ng3 Ng6 17.Nf5 Qc7 18.Qc1 Bxf5 19.exf5 Nf4 20.Be4 Rf7 21.h4 h6 22.Rh2 Na6
23.Qc2 Rg7 24.Rah1 Kf7 25.hxg5 hxg5 26.Kg3 Rag8 27.Qa4 Qc8 28.Rb1 Kf8 29.Qb5 Nb8
30.Rbh1 Nd7 31.Bc2 a6 32.Qa5 e4 33.Bxe4 Ne5 34.Qa4 Qe8 35.Qxe8+ Kxe8 36.Bxf4 gxf4+
37.Kxf4 Nxc4 38.Rb1 b5 39.Bd3 Nb6 40.Be4 Re7 41.Rh6 Rf8 42.g5 Nd7 43.g6 Rg7
44.a4 bxa4 45.Rh2 Ke7 46.Ra2 Rb8 47.Rxb8 Nxb8 48.Rxa4 Kf8 49.Bd3 Ra7 50.Re4 Re7
51.Re6 Rxe6 52.fxe6 a5 53.Bb5  1-0

[Event "1st ch-CHN Rap w Prelim"]
[Site "Hefei CHN"]
[Date "2011.07.03"]
[Round "3"]
[White "Ju Wenjun"]
[Black "Zhao Xue"]
[Result "0-1"]
[WhiteElo "2515"]
[BlackElo "2470"]

1.d4 Nf6 2.c4 e6 3.Nc3 Bb4 4.f3 d5 5.a3 Bxc3+ 6.bxc3 c6 7.e3 O-O 8.Bd3 b6
9.Nh3 Ba6 10.cxd5 Bxd3 11.Qxd3 cxd5 12.e4 dxe4 13.fxe4 e5 14.O-O Nbd7 15.Bg5 Qc7
16.Rf3 Rac8 17.Nf2 Qd6 18.a4 a5 19.Rb1 Rfe8 20.Rb5 Qc6 21.Bxf6 Nxf6 22.dxe5 Nd7
23.Qd4 Nc5 24.h3 Rcd8 25.Qc4 Qe6 26.Qe2 Nxa4 27.Ng4 Nc5 28.Qe1 a4 29.Rb1 Nb3
30.Qh4 Nd2 31.Rg3 Kh8 32.Ra1 b5 33.Nf6 gxf6 34.exf6 Nxe4 35.Rg7 Nxf6 36.Rg5 Rg8
37.Rxb5 Rd2 38.Rg5 Qe3+  0-1